| 000 | 00943nam a2200289Ia 4500 | ||
|---|---|---|---|
| 003 | OSt | ||
| 005 | 20221005031427.0 | ||
| 006 | a|||||r|||| 00| 0 | ||
| 007 | ta | ||
| 008 | 221004b |||||||| |||| 00| 0 eng d | ||
| 020 |
_a9781786439802 (pbk) _cUKP 29.95 |
||
| 024 | _a44264 | ||
| 037 |
_bBBS/137, 15/03/2019, Better Book Service _cTextual |
||
| 040 |
_aCRL _cCRL _beng |
||
| 041 |
_2eng _aeng |
||
| 082 | _aX:9, Q8 | ||
| 100 |
_aJanasz Suzanne C. de Ed. _9583671 |
||
| 245 | 0 |
_aTeaching human resourse management _b experiental approach |
|
| 260 |
_aCheltenham _bEdward Eager Publishing UK _c2018 |
||
| 300 |
_axxxix,290p. _ccm. |
||
| 490 | _aElgar guides to teaching | ||
| 650 | _a MANAGEMENT | ||
| 650 | _aECONOMICS | ||
| 700 |
_a Crossman Joanna Ed. _9583672 |
||
| 942 |
_hX:9, Q8 _cTEXL _2cc |
||
| 999 |
_c937724 _d937724 |
||